| 000 | 01039cab a22002055a 4500 | ||
|---|---|---|---|
| 001 | L137066 | ||
| 008 | 070313e2007 xxk 000 0 eng d | ||
| 035 | _a(Sirsi) u137066 | ||
| 041 | _aeng | ||
| 100 | 1 | _aLawson, Tom | |
| 245 | _aSchool lessons | ||
| 260 | _c2007 | ||
| 490 | 0 |
_aBuilding Services Journal _v29(3) March 2007, 56-58(3) |
|
| 520 | _aReports on a study by Transform Schools to analyse energy use across its estate of primary and secondary schools in the Stoke area. Compares the energy consumption data from the study with DfES national benchmarks and suggests reasons for the higher energy use in relation to the benchmarks. Also highlights factors involved with energy management that are not within the control of facilities management companies and how schools can improve their use of energy. | ||
| 590 | _aKA | ||
| 651 | 4 |
_aUnited Kingdom _y |
|
| 690 | _aBUILT ENVIRONMENT-BUILDING ELEMENTS-COMPLETE BUILDING SERVICES ELEMENTS | ||
| 690 | _aENVIRONMENTAL AND LAND CONSULTANCY-ENERGY-ENERGY USE | ||
| 942 | _n0 | ||
| 999 |
_c78535 _d78535 |
||